1584 1325 1297 1463 1478 1656 1953 1872 1944 1211 1695 1034 1617 1295 1333 1417 1265 1100 1065 1887 1893 1018 1224 1528 1793 1973 1920 1063 1017 1001 1048 1268 1161 1876 1933 1771 1305 1671 1679 1698 1939 1959 1677 1395 1380 1045 1816 1742 1682 1203 1380 1440 1763 1216 1309 1913 1585 1105 1894 1957 1897 1702 1315 1690 1061 1611 1867 1127 1161 1071 1258 1719 1856 1105 1324 1023 1063 1934 1169 1375 1516 1671 1036 1013 1142 1669 1068 1244 1211 1674 1411 1757 1422 1853 1314 1821 1213 1213 1291 BCNSPRNW ULIB Ver.6.0+V

เปลี่ยนเป็นภาษาไทย

Change to English
 แสดงรายละเอียดบรรณานุกรม
  กลับหน้าหลัก

Brief Record : Get Marc (ISO 2709) : E-mail record : QR code < ปิดหน้าต่าง
LEADER : 00000nam 2200000uu 4500
001    13399111919
003     ULIB
008    110627s2552||||th 000 0 tha d
020    9786165210041
090    นว.^bม289ก 2552
100 0  มักเน
245 00 เกมร้ายกลรัก/^cมักเน
250    พิมพ์ครั้งที่ 1
260    กรุงเทพฯ :^bมธุรดา,^c2552
300    348 หน้า
710 1  มธุรดา
945    ^p249^l0^i026751
995    ทศพร
999 ^a ใช้งานได้ทุกระบบ
รายการนี้ยังไม่มีแท็ก
คุณยังไม่ได้ล็อกอิน คุณสามารถมีกิจกรรมร่วมกับเว็บไซต์ได้ แต่ต้องล็อกอินก่อน ::
  ล็อกอิน

รายการสื่อสารสนเทศ

ลำดับที่ ประเภท เลขเรียก/บาร์โค้ด สถานที่ สถานะ
- ไม่พบข้อมูล -

รายการใกล้เคียง
    ผู้แต่ง [มักเน]

BibComment


ยังไม่เคยถูกคอมเมนท์

คอมเมนท์ทรัพยากรรายการนี้
  คอมเมนท์: เกมร้ายกลรัก มักเน


 Copyright 2026. Bcnsprnw @Library